| 000 | 00712nam a22002537a 4500 | ||
|---|---|---|---|
| 003 | OSt | ||
| 005 | 20140310181717.0 | ||
| 008 | 130216t xxu||||| |||| 00| 0 eng d | ||
| 020 | _a9789712347597 | ||
| 050 |
_aHF 5549 _b.D397 2006 |
||
| 100 | _aDe Jesus, Leonora V. | ||
| 245 |
_aA practical guide to Completed Staff Work (CSW) / _cLeonora V. De Jesus [and] Brnjamin I. Espiritu. |
||
| 260 |
_aQuezon City : _bRex Bookstore, _c2006. |
||
| 300 |
_axi, 41 p. : _c23 cm. _bill. ; |
||
| 521 | _aBSBA | ||
| 562 | _e2 | ||
| 650 | _aBSBA. | ||
| 650 | _aTeams in workplace | ||
| 650 | _aStrategic planning. | ||
| 650 | _aPublic administration. | ||
| 942 |
_2lcc _cBK _kLOC |
||
| 999 |
_c1853 _d1853 |
||